60 años participando en el desarrollo de la infraestructura de México / (Registro nro. 15330)
[ vista simple ]
| 000 -LEADER | |
|---|---|
| fixed length control field | 01262nam a22002777a 4500 |
| 003 - CONTROL NUMBER IDENTIFIER | |
| control field | OSt |
| 005 - DATE AND TIME OF LATEST TRANSACTION | |
| control field | 20210311085614.0 |
| 008 - FIXED-LENGTH DATA ELEMENTS--GENERAL INFORMATION | |
| fixed length control field | 210311s2016 mx aobegr|||| 00| 0dspa d |
| 020 ## - INTERNATIONAL STANDARD BOOK NUMBER | |
| International Standard Book Number | 9686510324 |
| 040 ## - CATALOGING SOURCE | |
| Original cataloging agency | CO-JMCR |
| Transcribing agency | CO-JMCR |
| 041 0# - LANGUAGE CODE | |
| Language code of text/sound track or separate title | spa |
| 082 04 - DEWEY DECIMAL CLASSIFICATION NUMBER | |
| Classification number | 720.47 / |
| Item number | D597s |
| Edition number | 23 |
| 110 2# - MAIN ENTRY--CORPORATE NAME | |
| Corporate name or jurisdiction name as entry element | Dirac Ingenieros consultores |
| 9 (RLIN) | 35909 |
| 245 10 - TITLE STATEMENT | |
| Title | 60 años participando en el desarrollo de la infraestructura de México / |
| Statement of responsibility, etc. | Dirac Ingenieros consultores |
| 246 ## - VARYING FORM OF TITLE | |
| Title proper/short title | Sesenta años participando en el desarrollo de la infraestructura de México |
| 250 ## - EDITION STATEMENT | |
| Edition statement | Primera edición |
| 260 ## - PUBLICATION, DISTRIBUTION, ETC. | |
| Place of publication, distribution, etc. | México : |
| Name of publisher, distributor, etc. | Dirac Ingenieros consultores, |
| Date of publication, distribution, etc. | 2016 |
| 300 ## - PHYSICAL DESCRIPTION | |
| Extent | 171 páginas : |
| Other physical details | principalmente ilustraciones, fotografías, mapas y planos a color ; |
| Dimensions | 34 cm. |
| 500 ## - GENERAL NOTE | |
| General note | Incluye datos biográficos de los autores. |
| 505 0# - FORMATTED CONTENTS NOTE | |
| Formatted contents note | La ingeniería en México -- Los primeros años -- El despegue -- Los grandes proyectos -- Sortear obstáculos -- La era de la tecnología -- De cara al futuro -- Nuestra esencia |
| 650 14 - SUBJECT ADDED ENTRY--TOPICAL TERM | |
| Topical term or geographic name entry element | Desarrollo urbano |
| General subdivision | proyectos |
| Geographic subdivision | México |
| 9 (RLIN) | 35910 |
| 650 14 - SUBJECT ADDED ENTRY--TOPICAL TERM | |
| Topical term or geographic name entry element | Modernización |
| General subdivision | construcción |
| Geographic subdivision | México |
| 9 (RLIN) | 35911 |
| 650 24 - SUBJECT ADDED ENTRY--TOPICAL TERM | |
| Topical term or geographic name entry element | Desarrollo de infraestructura |
| Geographic subdivision | México |
| 9 (RLIN) | 35912 |
| 650 24 - SUBJECT ADDED ENTRY--TOPICAL TERM | |
| Topical term or geographic name entry element | Ingeniería mexicana |
| General subdivision | historia |
| 9 (RLIN) | 35913 |
| 942 ## - ADDED ENTRY ELEMENTS (KOHA) | |
| Source of classification or shelving scheme | Dewey Decimal Classification |
| Koha item type | Books |
| Withdrawn status | Lost status | Source of classification or shelving scheme | Damaged status | Not for loan | Home library | Current library | Date acquired | Source of acquisition | Total Checkouts | Full call number | Barcode | Date last seen | Copy number | Price effective from | Koha item type |
|---|---|---|---|---|---|---|---|---|---|---|---|---|---|---|---|
| Dewey Decimal Classification | Biblioteca Pública José María del Castillo y Rada | Biblioteca Pública José María del Castillo y Rada | 10/02/2020 | Donación | 720.47 / D597s | 201810528 | 05/16/2024 | Ej.1 | 03/11/2021 | Books |